Geography quize book / (Record no. 134077)

MARC details
000 -LEADER
fixed length control field 00566nam a22002057a 4500
005 - DATE AND TIME OF LATEST TRANSACTION
control field 20170124110220.0
010 ## - LIBRARY OF CONGRESS CONTROL NUMBER
LC control number B-099210
020 ## - INTERNATIONAL STANDARD BOOK NUMBER
Terms of availability 200.00
International Standard Book Number 8188322113
035 ## - SYSTEM CONTROL NUMBER
System control number B-099210
037 ## - SOURCE OF ACQUISITION
Source of stock number/acquisition Cen Lib/Ret
040 ## - CATALOGING SOURCE
Original cataloging agency DPL
Language of cataloging EN
082 ## - DEWEY DECIMAL CLASSIFICATION NUMBER
Classification number 910
Item number SIN
100 ## - MAIN ENTRY--PERSONAL NAME
Personal name Singhal, Sachin
9 (RLIN) 30385
245 ## - TITLE STATEMENT
Title Geography quize book /
Statement of responsibility, etc by Sachin Singhal
260 ## - PUBLICATION, DISTRIBUTION, ETC. (IMPRINT)
Place of publication, distribution, etc New Delhi
Name of publisher, distributor, etc Ocean books
Date of publication, distribution, etc 2004
270 ## - ADDRESS
City New Delhi
Address 4/19 Asaf ali road
Postal code 110002
300 ## - PHYSICAL DESCRIPTION
Extent 151p.
Dimensions 22cm(Hb)
650 ## - SUBJECT ADDED ENTRY--TOPICAL TERM
Topical term or geographic name as entry element Geography
9 (RLIN) 39716
942 ## - ADDED ENTRY ELEMENTS (KOHA)
Source of classification or shelving scheme Dewey Decimal Classification
Koha item type English Books
Classification part 910
Call number suffix SIN
Holdings
Withdrawn status Lost status Damaged status Not for loan Collection code Home library Current library Date acquired Source of acquisition Cost, normal purchase price Total Checkouts Full call number Barcode Date last seen Copy number Cost, replacement price Price effective from Koha item type
      Not For Loan Reference Central Library Central Library 28/07/2015 Cen Lib/Ret 200.00   910 SIN B-099210 28/07/2015 1 200.00 28/07/2015 English Books

© Delhi Public Library
Hit Counter
free hit counter